The horse in the city (Record no. 14558)
[ view plain ]
| 000 -LEADER | |
|---|---|
| fixed length control field | 01587nam a2200385 a 4500 |
| 082 04 - DEWEY DECIMAL CLASSIFICATION NUMBER | |
| Classification number | 307.76 |
| 100 1# - MAIN ENTRY--AUTHOR NAME | |
| Personal name | McShane, Clay. |
| 245 14 - TITLE STATEMENT | |
| Title | The horse in the city |
| 260 ## - PUBLICATION, DISTRIBUTION, ETC. (IMPRINT) | |
| Place of publication | Baltimore : |
| Name of publisher | Johns Hopkins University Press, |
| Year of publication | 2007. |
| 300 ## - PHYSICAL DESCRIPTION | |
| Number of Pages | xi, 242 p., [18] p. of plates : |
| Other physical details | ill., map. |
| 490 1# - SERIES STATEMENT | |
| Series statement | Animals, history, culture |
| 650 #0 - SUBJECT ADDED ENTRY--TOPICAL TERM | |
| Topical Term | Draft horses |
| Topical Term | Urban animals |
| 700 1# - ADDED ENTRY--PERSONAL NAME | |
| Personal name | Tarr, Joel A. |
| 856 40 - ELECTRONIC LOCATION AND ACCESS | |
| Uniform Resource Identifier | http://site.ebrary.com/lib/rucke/Doc?id=10256348 |
No items available.
